[Event "Berdsk op"]
[Site "Berdsk "]
[Date "2007.01.14"]
[Round "8"]
[White "Korotkova, Ekaterina"]
[Black "Bibko, Ivan"]
[Result "0-1"]
[WhiteElo "2036"]
[BlackElo "2169"]
[PlyCount "62"]
[EventDate "2007.01.04"]
[EventType "swiss"]
[EventRounds "9"]
[EventCountry "RUS"]
[SourceTitle "EXT 2008"]
[Source "ChessBase"]
[SourceDate "2007.11.25"]
[SourceVersion "1"]
[SourceVersionDate "2007.11.25"]
[SourceQuality "1"]

1. e4 c5 2. Nc3 Nc6 3. g3 g6 4. Bg2 Bg7 5. d3 e6 6. Be3 Nd4 7. Qd2 Qa5 8. Nh3 Ne7 9. 0-0 Nec6 10. a3 Ne5 11. f3 d6 12. Kh1 Bd7 13. Qf2 Nec6 14. f4 0-0 15. g4 f5 16. gxf5 exf5 17. Nd5 Rae8 18. c3 Ne6 19. Qh4 b5 20. Ng5 h6 21. Nxe6 Bxe6 22. exf5 Bxf5 23. Rad1 Qa4 24. Qg3 Rf7 25. Rd2 Ne7 26. Bf3 Qb3 27. Nxe7+ Rfxe7 28. Bf2 Kh7 29. Rg1 h5 30. Qg2 Bh6 31. Be4 Rxe4 0-1

[Event "Berdsk op"]
[Site "Berdsk "]
[Date "2007.01.09"]
[Round "6"]
[White "Kagirov, Ravil"]
[Black "Bibko, Ivan"]
[Result "1-0"]
[WhiteElo "2299"]
[BlackElo "2169"]
[PlyCount "131"]
[EventDate "2007.01.04"]
[EventType "swiss"]
[EventRounds "9"]
[EventCountry "RUS"]
[SourceTitle "EXT 2008"]
[Source "ChessBase"]
[SourceDate "2007.11.25"]
[SourceVersion "1"]
[SourceVersionDate "2007.11.25"]
[SourceQuality "1"]

1. e4 c5 2. Nc3 Nc6 3. d3 g6 4. Be3 Qa5 5. Bd2 Bg7 6. Nd5 Qd8 7. c3 e6 8. Nf4 d5 9. h4 h5 10. exd5 exd5 11. g3 Nge7 12. Bg2 0-0 13. Qb3 Re8 14. Nge2 Ne5 15. 0-0 Bg4 16. f3 Bf5 17. d4 c4 18. Qd1 Nd3 19. Bc1 Qd6 20. Kh2 b5 21. Ng1 Nxc1 22. Qxc1 Bh6 23. Bh3 Bd3 24. Re1 Nf5 25. Bxf5 Bxf5 26. Qd2 a5 27. a3 Rab8 28. Kg2 f6 29. Rxe8+ Rxe8 30. Re1 Rxe1 31. Qxe1 Kf7 32. Ngh3 Qd7 33. Nf2 Qd6 34. N2h3 Bd7 35. Qb1 Bxh3+ 36. Nxh3 Qe6 37. f4 Qe2+ 38. Nf2 Bf8 39. Qd1 Qxb2 40. Qf3 Ke6 41. f5+ gxf5 42. Qxh5 Qxa3 43. Qe8+ Qe7 44. Qxb5 Qd8 45. Qc6+ Kf7 46. Qb7+ Kg8 47. Qc6 Kf7 48. g4 fxg4 49. Nxg4 Qd6 50. Qb7+ Kg6 51. Ne3 a4 52. h5+ Kg5 53. Qb1 Qd7 54. Qg6+ Kf4 55. Qg3+ Ke4 56. Ng4 Kf5 57. Nh6+ Ke6 58. Qg8+ Kd6 59. Qxf8+ Kc7 60. Qc5+ Kb7 61. Kf2 Ka6 62. Kg3 Qg7+ 63. Ng4 f5 64. Qc6+ Ka7 65. Qxa4+ Kb6 66. Qb4+ 1-0

[Event "Berdsk op"]
[Site "Berdsk "]
[Date "2007.01.05"]
[Round "2"]
[White "Bibko, Ivan"]
[Black "Bocharov, Ivan"]
[Result "1/2-1/2"]
[WhiteElo "2169"]
[BlackElo "2383"]
[PlyCount "86"]
[EventDate "2007.01.04"]
[EventType "swiss"]
[EventRounds "9"]
[EventCountry "RUS"]
[SourceTitle "EXT 2008"]
[Source "ChessBase"]
[SourceDate "2007.11.25"]
[SourceVersion "1"]
[SourceVersionDate "2007.11.25"]
[SourceQuality "1"]

1. e4 d5 2. exd5 Qxd5 3. Nc3 Qa5 4. d4 Nf6 5. Nf3 c6 6. Bc4 Bg4 7. h3 Bh5 8. g4 Bg6 9. Bd2 Qb6 10. Bb3 e6 11. Qe2 Nbd7 12. 0-0-0 0-0-0 13. Ne5 Nxe5 14. dxe5 Nd5 15. Na4 Qb5 16. c4 Qa6 17. Bg5 Be7 18. Bxe7 Nxe7 19. Qe3 Kc7 20. h4 b5 21. Nc5 Qb6 22. h5 Bf5 23. f3 Bd3 24. Nxe6+ fxe6 25. c5 Qa5 26. Rxd3 Nd5 27. Bxd5 Rxd5 28. Rxd5 cxd5 29. Kb1 Kc6 30. Qg5 Qc7 31. h6 g6 32. Qf6 Re8 33. f4 d4 34. Qg7 Re7 35. Qf8 Kd5 36. Rc1 Ke4 37. c6 d3 38. Qf6 d2 39. Rd1 Ke3 40. Qh4 Qxc6 41. Qh3+ Ke2 42. Qf1+ Ke3 43. Qg1+ Ke2 1/2-1/2

[Event "Sibiria Region-ch"]
[Site "Novosibirsk"]
[Date "2003.??.??"]
[Round "8"]
[White "Bibko, Ivan"]
[Black "Belozerov, Andrei"]
[Result "0-1"]
[WhiteElo "2235"]
[BlackElo "2548"]
[PlyCount "76"]
[EventDate "2003.05.??"]
[EventType "swiss"]
[EventRounds "9"]
[EventCountry "RUS"]
[SourceTitle "EXT 2008"]
[Source "ChessBase"]
[SourceDate "2007.11.25"]
[SourceVersion "1"]
[SourceVersionDate "2007.11.25"]
[SourceQuality "1"]

1. e4 e5 2. Nf3 Nc6 3. d4 exd4 4. Nxd4 Bc5 5. Be3 Qf6 6. c3 Nge7 7. Bc4 Ne5 8. Be2 Qg6 9. 0-0 d6 10. f4 Qxe4 11. Bf2 Bxd4 12. cxd4 N5g6 13. Nc3 Qe6 14. d5 Qd7 15. f5 Nxf5 16. Bb5 c6 17. Re1+ Ne5 18. dxc6 bxc6 19. Bd3 0-0 20. Bxf5 Qxf5 21. Qxd6 Nd3 22. Rf1 Qg6 23. Bc5 Re8 24. Qxg6 hxg6 25. Ba3 Ba6 26. Rfd1 Re5 27. b3 Rae8 28. Bd6 R5e6 29. Bg3 g5 30. Rd2 f5 31. Rad1 Re3 32. Na4 f4 33. Bf2 Nxf2 34. Kxf2 g4 35. Rd8 Re2+ 36. Kg1 Rxd8 37. Rxd8+ Kh7 38. Rd1 f3 0-1

[Event "Novosibirsk Region-ch"]
[Site "Novosibirsk"]
[Date "2003.??.??"]
[Round "8"]
[White "Bibko, Ivan"]
[Black "Gubarev, Vsevolod"]
[Result "1-0"]
[WhiteElo "2235"]
[BlackElo "2199"]
[PlyCount "107"]
[EventDate "2003.??.??"]
[EventType "swiss"]
[EventRounds "9"]
[EventCountry "RUS"]
[SourceTitle "EXT 2008"]
[Source "ChessBase"]
[SourceDate "2007.11.25"]
[SourceVersion "1"]
[SourceVersionDate "2007.11.25"]
[SourceQuality "1"]

1. e4 c5 2. Nf3 d6 3. d4 cxd4 4. Nxd4 Nf6 5. Nc3 g6 6. Be3 Bg7 7. f3 Nc6 8. Qd2 0-0 9. Bc4 Bd7 10. 0-0-0 Rc8 11. Bb3 Ne5 12. Kb1 Re8 13. h4 h5 14. Bg5 Rc5 15. Qe2 Qc8 16. Nd5 Nxd5 17. exd5 Nc4 18. g4 b5 19. gxh5 Rxd5 20. c3 Bxd4 21. Rxd4 Rxd4 22. cxd4 Bf5+ 23. Ka1 Na5 24. Qxb5 Nxb3+ 25. Qxb3 Qe6 26. Qxe6 Bxe6 27. hxg6 fxg6 28. Rc1 Rc8 29. Re1 Kf7 30. d5 Bxd5 31. Rxe7+ Kg8 32. Rxa7 Bxf3 33. Rd7 d5 34. Rd8+ Rxd8 35. Bxd8 Kf7 36. b3 Ke6 37. Kb2 Kd7 38. Bf6 Kc6 39. Bd4 Kb5 40. Kc3 Bd1 41. Bf6 Ka5 42. Bd8+ Kb5 43. a4+ Kc6 44. Bf6 Kb6 45. Kb4 Kc6 46. Bd4 Bc2 47. Ka3 Bd3 48. b4 Bc4 49. b5+ Kb7 50. Kb4 Be2 51. a5 Bc4 52. a6+ Kc7 53. Ka5 Kb8 54. b6 1-0

[Event "Sibiria Region-ch"]
[Site "Novosibirsk"]
[Date "2003.??.??"]
[Round "2"]
[White "Bibko, Ivan"]
[Black "Shevchenko, Vitaly"]
[Result "1-0"]
[WhiteElo "2235"]
[BlackElo "2236"]
[PlyCount "66"]
[EventDate "2003.05.??"]
[EventType "swiss"]
[EventRounds "9"]
[EventCountry "RUS"]
[SourceTitle "EXT 2008"]
[Source "ChessBase"]
[SourceDate "2007.11.25"]
[SourceVersion "1"]
[SourceVersionDate "2007.11.25"]
[SourceQuality "1"]

1. e4 c5 2. Nf3 Nc6 3. d4 cxd4 4. Nxd4 d5 5. Bb5 dxe4 6. Nxc6 Qxd1+ 7. Kxd1 a6 8. Ba4 Bd7 9. Nc3 Bxc6 10. Bxc6+ bxc6 11. Nxe4 e6 12. Be3 Nf6 13. Nxf6+ gxf6 14. Ke2 Rg8 15. g3 0-0-0 16. Rhd1 Be7 17. Rxd8+ Rxd8 18. Rd1 Rxd1 19. Kxd1 Kd7 20. Ke2 f5 21. Kd3 e5 22. Kc4 h5 23. Bc5 Bd8 24. Ba7 Bc7 25. b4 e4 26. Be3 h4 27. a4 h3 28. Kc5 Bd8 29. c4 Kc7 30. Bf4+ Kb7 31. Kd6 Bf6 32. Kd7 Bc3 33. b5 axb5 1-0

[Event "Sibiria Region-ch"]
[Site "Novosibirsk"]
[Date "2003.??.??"]
[Round "4"]
[White "Bibko, Ivan"]
[Black "Yakishik, Sergey"]
[Result "1-0"]
[WhiteElo "2235"]
[BlackElo "2196"]
[PlyCount "76"]
[EventDate "2003.05.??"]
[EventType "swiss"]
[EventRounds "9"]
[EventCountry "RUS"]
[SourceTitle "EXT 2008"]
[Source "ChessBase"]
[SourceDate "2007.11.25"]
[SourceVersion "1"]
[SourceVersionDate "2007.11.25"]
[SourceQuality "1"]

1. e4 c5 2. Nf3 Nc6 3. d4 cxd4 4. Nxd4 Nf6 5. Nc3 e5 6. Ndb5 d6 7. Bg5 a6 8. Na3 b5 9. Bxf6 gxf6 10. Nd5 f5 11. Bd3 Be6 12. 0-0 Bxd5 13. exd5 Ne7 14. c3 Bg7 15. Qh5 e4 16. Bc2 0-0 17. Rae1 Qc8 18. Bb3 a5 19. Qg5 Ng6 20. Nxb5 a4 21. Bd1 Qc5 22. c4 Qxc4 23. Nxd6 Qxd5 24. Nxf5 Ra5 25. g4 Rc8 26. Bxa4 Qxa2 27. b3 Re5 28. Rc1 Rf8 29. Rfe1 Kh8 30. Rc7 Qb2 31. Kf1 e3 32. Rxe3 h6 33. Rh3 Qe2+ 34. Kg2 Qe4+ 35. Kg1 Qe1+ 36. Kg2 Qe4+ 37. Kg3 Rd5 38. Rxh6+ Kg8 1-0

[Event "Novosibirsk Region-ch"]
[Site "Novosibirsk"]
[Date "2003.??.??"]
[Round "2"]
[White "Chigvintsev, Andrei"]
[Black "Bibko, Ivan"]
[Result "1/2-1/2"]
[WhiteElo "2379"]
[BlackElo "2235"]
[PlyCount "104"]
[EventDate "2003.??.??"]
[EventType "swiss"]
[EventRounds "9"]
[EventCountry "RUS"]
[SourceTitle "EXT 2008"]
[Source "ChessBase"]
[SourceDate "2007.11.25"]
[SourceVersion "1"]
[SourceVersionDate "2007.11.25"]
[SourceQuality "1"]

1. d4 Nf6 2. Nf3 g6 3. e3 Bg7 4. Be2 0-0 5. 0-0 d6 6. c4 Nbd7 7. Nc3 e5 8. a4 a5 9. b3 Re8 10. Qc2 e4 11. Nd2 Qe7 12. Ba3 c5 13. Nb5 Nb8 14. Rad1 Na6 15. Nb1 Nb4 16. Qd2 Be6 17. dxc5 dxc5 18. Qd6 Bf8 19. Qxe7 Rxe7 20. N1c3 Rd7 21. Rxd7 Bxd7 22. Rd1 Bc6 23. Nc7 Rc8 24. N7d5 Bxd5 25. cxd5 Rd8 26. Bc4 Bd6 27. Bxb4 axb4 28. Nb5 Ne8 29. f3 exf3 30. gxf3 Bb8 31. Kg2 Nd6 32. Nxd6 Bxd6 33. Bb5 Kg7 34. h3 Rc8 35. Ra1 Be5 36. Ra2 Bd6 37. Kf2 f5 38. f4 Kf6 39. Kf3 Rg8 40. Rd2 g5 41. Bd7 h5 42. Bb5 h4 43. Rg2 Rg7 44. fxg5+ Rxg5 45. Rxg5 Kxg5 46. Bd3 b6 47. Ke2 Kf6 48. e4 fxe4 49. Bxe4 Ke5 50. Kd3 Bf8 51. Bg2 Kd6 52. Kc4 Kc7 1/2-1/2

[Event "Sibiria Region-ch"]
[Site "Novosibirsk"]
[Date "2003.??.??"]
[Round "1"]
[White "Kharkovsky, Dmitry"]
[Black "Bibko, Ivan"]
[Result "1-0"]
[WhiteElo "2186"]
[BlackElo "2235"]
[PlyCount "73"]
[EventDate "2003.05.??"]
[EventType "swiss"]
[EventRounds "9"]
[EventCountry "RUS"]
[SourceTitle "EXT 2008"]
[Source "ChessBase"]
[SourceDate "2007.11.25"]
[SourceVersion "1"]
[SourceVersionDate "2007.11.25"]
[SourceQuality "1"]

1. e4 c5 2. Nf3 Nc6 3. Bb5 g6 4. 0-0 Bg7 5. c3 Nf6 6. Re1 0-0 7. d4 d5 8. e5 Ne4 9. Bxc6 bxc6 10. Nbd2 Nxd2 11. Nxd2 c4 12. b3 Qa5 13. b4 Qa6 14. a4 Bf5 15. Nf1 Qc8 16. Ne3 Be4 17. f3 Bd3 18. Ng4 h5 19. Nf2 Bf5 20. Bf4 a5 21. b5 Qd7 22. e6 Bxe6 23. b6 Qb7 24. Rb1 Ra6 25. Bc7 Bf6 26. g4 hxg4 27. Rxe6 fxe6 28. Nxg4 Rc8 29. Qe1 Kf7 30. Ne5+ Ke8 31. Nxg6 Kd7 32. Nf4 Rg8+ 33. Kh1 e5 34. dxe5 Bh8 35. Qh4 Re8 36. Qh3+ e6 37. Nxe6 1-0

[Event "Novosibirsk Region-ch"]
[Site "Novosibirsk"]
[Date "2003.??.??"]
[Round "7"]
[White "Verzhansky, Alexander"]
[Black "Bibko, Ivan"]
[Result "1/2-1/2"]
[WhiteElo "2327"]
[BlackElo "2235"]
[PlyCount "84"]
[EventDate "2003.??.??"]
[EventType "swiss"]
[EventRounds "9"]
[EventCountry "RUS"]
[SourceTitle "EXT 2008"]
[Source "ChessBase"]
[SourceDate "2007.11.25"]
[SourceVersion "1"]
[SourceVersionDate "2007.11.25"]
[SourceQuality "1"]

1. d4 Nf6 2. c4 g6 3. Nc3 Bg7 4. e4 d6 5. f3 0-0 6. Be3 c5 7. Nge2 Nc6 8. d5 Ne5 9. Ng3 a6 10. Be2 Qa5 11. 0-0 b5 12. cxb5 axb5 13. Nxb5 Ba6 14. a4 Rfb8 15. Qd2 Qxd2 16. Bxd2 Bxb5 17. Bxb5 Ne8 18. Bc3 Nc7 19. Be2 Nd7 20. Rfb1 Rb7 21. Nf1 Rba7 22. Bxg7 Kxg7 23. b3 Na6 24. Bxa6 Rxa6 25. Nd2 Ne5 26. Re1 Rb8 27. Re3 Rb4 28. f4 Ng4 29. Rd3 Nf6 30. e5 Nd7 31. Nc4 Nb6 32. exd6 Nxc4 33. d7 Rd6 34. bxc4 Rxc4 35. a5 Rxd7 36. a6 Ra7 37. g3 Rb4 38. d6 exd6 39. Rxd6 c4 40. Rc6 Kf8 41. Kg2 Ke7 42. Re1+ Kf8 1/2-1/2

[Event "Capital of Sibiria op"]
[Site "Novosibirsk"]
[Date "2002.07.24"]
[Round "6"]
[White "Bibko, Ivan"]
[Black "Isanbaev, Ramil"]
[Result "0-1"]
[WhiteElo "2336"]
[BlackElo "2372"]
[PlyCount "72"]
[EventDate "2002.07.19"]
[EventType "swiss"]
[EventRounds "9"]
[EventCountry "RUS"]
[SourceTitle "CBM 089 Extra"]
[Source "ChessBase"]
[SourceDate "2002.09.10"]
[SourceVersion "2"]
[SourceVersionDate "2002.09.10"]
[SourceQuality "1"]

1. e4 e5 2. Nf3 Nc6 3. d4 exd4 4. Bc4 Nf6 5. e5 Ne4 6. 0-0 d5 7. exd6 Nxd6 8. Bd5 Nf5 9. Qe2+ Be7 10. Qc4 0-0 11. Bxc6 Be6 12. Qa4 bxc6 13. Rd1 c5 14. c3 Bd5 15. Nbd2 Bf6 16. c4 Be6 17. Ne4 Be7 18. b3 Bd7 19. Qa6 Qb8 20. Ne5 Bc8 21. Qa4 Qb6 22. Nd7 Bxd7 23. Qxd7 Qg6 24. Ba3 Nh4 25. Ng3 Bd6 26. Qh3 Qh6 27. Ne4 Rfe8 28. Bc1 Qe6 29. Qxe6 Rxe6 30. Ng5 Rg6 31. b4 Re8 32. g3 Rxg5 33. Bxg5 Nf3+ 34. Kg2 Nxg5 35. bxc5 Bxc5 36. Rab1 Ne6 0-1

[Event "Capital of Sibiria op"]
[Site "Novosibirsk"]
[Date "2002.07.23"]
[Round "5"]
[White "Sevostianov, Vladimir"]
[Black "Bibko, Ivan"]
[Result "1/2-1/2"]
[WhiteElo "2349"]
[BlackElo "2336"]
[PlyCount "76"]
[EventDate "2002.07.19"]
[EventType "swiss"]
[EventRounds "9"]
[EventCountry "RUS"]
[SourceTitle "CBM 089 Extra"]
[Source "ChessBase"]
[SourceDate "2002.09.10"]
[SourceVersion "2"]
[SourceVersionDate "2002.09.10"]
[SourceQuality "1"]

1. d4 Nf6 2. Nf3 g6 3. c4 Bg7 4. Nc3 0-0 5. e4 d6 6. Be2 e5 7. 0-0 Nc6 8. d5 Ne7 9. b4 Nd7 10. Ba3 f5 11. Ng5 Nf6 12. c5 fxe4 13. b5 Nf5 14. Ncxe4 Nxe4 15. Nxe4 dxc5 16. Bxc5 Nd6 17. Bxd6 cxd6 18. Qa4 Bf5 19. Bf3 Bxe4 20. Bxe4 Qb6 21. Rac1 Rac8 22. Rc4 Bh6 23. Bf3 Kg7 24. Rxc8 Rxc8 25. Qg4 Rf8 26. a4 Rf4 27. Qd7+ Rf7 28. Qe8 Bg5 29. Qe6 Qd8 30. Re1 Rf6 31. Qh3 Rf4 32. Bd1 Qb6 33. Rf1 Qc7 34. g3 Rf7 35. Qg4 Bh6 36. h4 Qd7 37. Qe4 Qf5 38. Qc4 Qd7 1/2-1/2

[Event "RUS-Cup03"]
[Site "Tomsk"]
[Date "2002.07.12"]
[Round "5"]
[White "Nigametzianov, Mikhail"]
[Black "Bibko, Ivan"]
[Result "0-1"]
[WhiteElo "2254"]
[BlackElo "2336"]
[PlyCount "138"]
[EventDate "2002.07.08"]
[EventType "swiss"]
[EventRounds "9"]
[EventCountry "RUS"]
[SourceTitle "CBM 089 Extra"]
[Source "ChessBase"]
[SourceDate "2002.09.10"]
[SourceVersion "2"]
[SourceVersionDate "2002.09.10"]
[SourceQuality "1"]

1. Nf3 c5 2. c4 Nc6 3. Nc3 Nf6 4. g3 d5 5. cxd5 Nxd5 6. Bg2 Nc7 7. 0-0 e5 8. d3 Be7 9. Be3 0-0 10. Na4 b6 11. b3 Be6 12. Qd2 Qd7 13. Rfd1 Rad8 14. Qe1 Rfe8 15. Bc1 Bh3 16. Bb2 Bxg2 17. Kxg2 Bf6 18. Nc3 g6 19. h4 Nd4 20. Rac1 Qg4 21. Nh2 Qe6 22. e3 Qc6+ 23. Ne4 Nf5 24. Qe2 Nd5 25. Nxf6+ Nxf6+ 26. Kg1 h5 27. b4 Nd7 28. Nf3 Qb5 29. bxc5 e4 30. Nd4 Nxd4 31. Bxd4 Nxc5 32. Bxc5 exd3 33. Qd2 bxc5 34. Qc3 Rd5 35. Qc4 Qxc4 36. Rxc4 Rb8 37. e4 Rd7 38. Rxc5 Rb2 39. Rd5 Rxd5 40. exd5 d2 41. a3 Kf8 42. Kf1 Ke7 43. Ke2 Kd6 44. Ke3 Kxd5 45. Kd3 Ra2 46. Kc3 Ke4 47. Rxd2 Rxd2 48. Kxd2 Kd4 49. f3 f5 50. Ke2 Kc3 51. Ke3 Kb3 52. Kf4 Kxa3 53. Kg5 Kb4 54. Kxg6 a5 55. Kxh5 a4 56. Kg5 a3 57. Kxf5 a2 58. h5 a1Q 59. Kg6 Kc5 60. g4 Qb1+ 61. Kg7 Qc1 62. Kg6 Qc2+ 63. Kh6 Kd6 64. g5 Qf5 65. g6 Ke7 66. Kg7 Qf8+ 67. Kh7 Kf6 68. h6 Qe8 69. g7 Qg6+ 0-1

[Event "RUS-ch sf"]
[Site "Novosibirsk"]
[Date "2002.??.??"]
[Round "5"]
[White "Okladnikov, Gennady"]
[Black "Bibko, Ivan"]
[Result "0-1"]
[WhiteElo "2245"]
[BlackElo "2310"]
[PlyCount "118"]
[EventDate "2002.??.??"]
[EventType "swiss"]
[EventRounds "9"]
[EventCountry "RUS"]
[SourceTitle "EXT 2007"]
[Source "ChessBase"]
[SourceDate "2006.11.23"]
[SourceVersion "1"]
[SourceVersionDate "2006.11.23"]
[SourceQuality "1"]

1. e4 c5 2. Nf3 Nc6 3. d4 cxd4 4. Nxd4 g6 5. c4 Bg7 6. Be3 Nf6 7. Nc3 Ng4 8. Qxg4 Nxd4 9. Qd1 Ne6 10. Rc1 Qa5 11. Qd2 b6 12. f3 Bb7 13. b3 g5 14. Be2 Qe5 15. Nd5 Rc8 16. 0-0 Rg8 17. Rfd1 Qd6 18. Qe1 Qb8 19. Kh1 Be5 20. Bg1 Rg6 21. Ne3 Bf4 22. Rc3 h5 23. Nd5 Be5 24. Rcc1 Bc6 25. b4 Rh6 26. c5 b5 27. a4 bxa4 28. Ba6 Bb7 29. Bb5 Bc6 30. Ba6 Bb7 31. Qe2 Nf4 32. Nxf4 Bxa6 33. Nd3 Bb5 34. Qd2 Bg7 35. Qxg5 Rg6 36. Qd5 h4 37. Be3 h3 38. g3 e5 39. Kg1 Bc6 40. Qc4 Bb5 41. Qc2 Rcc6 42. Rd2 Qd8 43. Nf2 Qh4 44. Nh1 Rcf6 45. Rf2 Bh6 46. Qd2 Bxe3 47. Qxe3 Qf4 48. Qxf4 exf4 49. Rc3 Re6 50. Rd2 f5 51. Rd4 d5 52. cxd6 Rxd6 53. Rxd6 Rxd6 54. Nf2 Rc6 55. Nd1 fxg3 56. hxg3 Rxc3 57. Nxc3 fxe4 58. Nxb5 e3 59. Nd6+ Kf8 0-1

[Event "Novosibirsk-ch"]
[Site "Novosibirsk"]
[Date "2001.11.20"]
[Round "8"]
[White "Popov, Roman2222"]
[Black "Bibko, Ivan"]
[Result "1/2-1/2"]
[WhiteElo "2348"]
[BlackElo "2208"]
[PlyCount "65"]
[EventDate "2001.11.13"]
[EventType "swiss"]
[EventRounds "9"]
[EventCountry "RUS"]
[SourceTitle "CBM 085 Extra"]
[Source "ChessBase"]
[SourceDate "2002.01.21"]
[SourceVersion "1"]
[SourceVersionDate "2002.01.21"]
[SourceQuality "1"]

1. Nf3 c5 2. c4 Nc6 3. Nc3 Nf6 4. g3 d5 5. cxd5 Nxd5 6. Bg2 Nc7 7. 0-0 e5 8. a3 Bd7 9. e3 Ne6 10. Ne1 g6 11. f4 Bg7 12. Rb1 a5 13. Nd3 exf4 14. Nxf4 0-0 15. Nfd5 Ne5 16. b3 Ng5 17. Bb2 Bg4 18. Qc2 Bf3 19. Nf4 Bxg2 20. Kxg2 Ra6 21. Ncd5 Ne6 22. e4 Qg5 23. Nd3 Nd4 24. Bxd4 cxd4 25. Nxe5 Bxe5 26. Rf2 h5 27. Qc5 Re6 28. d3 h4 29. Qc1 Qg4 30. Qd1 Qg5 31. Qc1 Qg4 32. Qd1 Qg5 33. Qc1 1/2-1/2

[Event "Novosibirsk-ch"]
[Site "Novosibirsk"]
[Date "2001.11.16"]
[Round "4"]
[White "Bibko, Ivan"]
[Black "Grachev, Jury"]
[Result "0-1"]
[WhiteElo "2208"]
[BlackElo "2380"]
[PlyCount "80"]
[EventDate "2001.11.13"]
[EventType "swiss"]
[EventRounds "9"]
[EventCountry "RUS"]
[SourceTitle "CBM 085 Extra"]
[Source "ChessBase"]
[SourceDate "2002.01.21"]
[SourceVersion "1"]
[SourceVersionDate "2002.01.21"]
[SourceQuality "1"]

1. e4 e5 2. Nf3 Nc6 3. d4 exd4 4. Bc4 Nf6 5. e5 d5 6. Bb5 Ne4 7. Nxd4 Bd7 8. Bxc6 bxc6 9. 0-0 Bc5 10. f3 Ng5 11. Be3 0-0 12. f4 Ne4 13. Nd2 f5 14. Nxe4 fxe4 15. c3 a5 16. Qe2 Qe7 17. Nb3 Bb6 18. Qf2 g5 19. Bxb6 cxb6 20. Qg3 a4 21. Nd2 Rae8 22. h4 h6 23. hxg5 hxg5 24. fxg5 Bf5 25. Rf4 Kg7 26. Raf1 Qc5+ 27. Kh2 Rh8+ 28. Rh4 Rxh4+ 29. Qxh4 Rh8 30. Qxh8+ Kxh8 31. Rxf5 Kg7 32. Nf1 e3 33. Ng3 Qc4 34. Kg1 a3 35. bxa3 Qxc3 36. Kh2 Kg6 37. Ne2 Qe1 38. Rf6+ Kxg5 39. Nf4 Qh4+ 40. Nh3+ Qxh3+ 0-1

[Event "Novosibirsk-ch"]
[Site "Novosibirsk"]
[Date "2001.11.14"]
[Round "2"]
[White "Emelyanov, Yury Nikolaevich"]
[Black "Bibko, Ivan"]
[Result "0-1"]
[WhiteElo "2158"]
[BlackElo "2208"]
[PlyCount "82"]
[EventDate "2001.11.13"]
[EventType "swiss"]
[EventRounds "9"]
[EventCountry "RUS"]
[SourceTitle "CBM 085 Extra"]
[Source "ChessBase"]
[SourceDate "2002.01.21"]
[SourceVersion "1"]
[SourceVersionDate "2002.01.21"]
[SourceQuality "1"]

1. e4 c5 2. Nf3 Nc6 3. d4 cxd4 4. Nxd4 g6 5. Nc3 Bg7 6. Nb3 Nf6 7. Be2 0-0 8. 0-0 d6 9. h3 Bd7 10. Be3 a6 11. a4 Na5 12. Nd4 Rc8 13. f4 Nc4 14. Bxc4 Rxc4 15. Qd3 Rb4 16. b3 Bc6 17. Rad1 a5 18. e5 Nh5 19. Nxc6 bxc6 20. g4 Qc8 21. Kh2 Nxf4 22. Bxf4 Rxf4 23. Rxf4 Bxe5 24. Ne2 g5 25. Rdf1 gxf4 26. Nxf4 f5 27. g5 Bxf4+ 28. Rxf4 e5 29. Rh4 Qc7 30. Rh6 d5 31. Qg3 f4 32. Qg4 Qc8 33. Qh4 Qf5 34. Rxc6 f3 35. Qf2 Qxg5 36. Rc3 e4 37. Re3 Qf4+ 38. Kh1 d4 39. Re1 e3 40. Rg1+ Kh8 41. Qf1 f2 0-1

[Event "Novosibirsk op"]
[Site "Novosibirsk"]
[Date "2001.07.28"]
[Round "10"]
[White "Shatilin, Evgenij"]
[Black "Bibko, Ivan"]
[Result "0-1"]
[WhiteElo "2253"]
[BlackElo "2208"]
[PlyCount "74"]
[EventDate "2001.07.18"]
[EventType "swiss"]
[EventRounds "11"]
[EventCountry "RUS"]
[SourceTitle "CBM 083 Extra"]
[Source "ChessBase"]
[SourceDate "2001.09.11"]
[SourceVersion "1"]
[SourceVersionDate "2001.09.11"]
[SourceQuality "1"]

1. d4 Nf6 2. Nf3 g6 3. Bf4 Bg7 4. c3 0-0 5. Nbd2 d6 6. e4 Nbd7 7. Bc4 c6 8. h3 Nh5 9. Bg5 h6 10. g4 Nhf6 11. Bf4 Nxe4 12. Nxe4 d5 13. Bd3 dxe4 14. Bxe4 Nf6 15. Bd3 Be6 16. Ne5 c5 17. Qe2 cxd4 18. c4 Qc8 19. 0-0 Re8 20. Rae1 h5 21. f3 b5 22. b3 bxc4 23. bxc4 Bd7 24. Kg2 a5 25. Nxd7 Qxd7 26. g5 Nh7 27. c5 Rec8 28. Be4 Ra7 29. c6 Qd8 30. h4 e5 31. Bd2 Nf8 32. Qb5 Ne6 33. Rb1 Bf8 34. a4 Bb4 35. Bxb4 axb4 36. Qxb4 f6 37. Bxg6 Nf4+ 0-1

[Event "Novosibirsk op"]
[Site "Novosibirsk"]
[Date "2001.07.26"]
[Round "8"]
[White "Bespalov, Alexey"]
[Black "Bibko, Ivan"]
[Result "0-1"]
[WhiteElo "2325"]
[BlackElo "2208"]
[PlyCount "62"]
[EventDate "2001.07.18"]
[EventType "swiss"]
[EventRounds "11"]
[EventCountry "RUS"]
[SourceTitle "CBM 083 Extra"]
[Source "ChessBase"]
[SourceDate "2001.09.11"]
[SourceVersion "1"]
[SourceVersionDate "2001.09.11"]
[SourceQuality "1"]

1. e4 c5 2. Nf3 Nc6 3. d4 cxd4 4. Nxd4 g6 5. Nc3 Bg7 6. Be3 Nf6 7. Bc4 0-0 8. Bb3 d6 9. f3 Bd7 10. Qd2 Qa5 11. 0-0-0 Rfc8 12. g4 Ne5 13. h4 Nc4 14. Bxc4 Rxc4 15. Nb3 Qa6 16. h5 Rac8 17. hxg6 fxg6 18. Bh6 Bh8 19. e5 Nxg4 20. fxg4 Bxe5 21. Kb1 Bxg4 22. Rde1 Bf5 23. Rhf1 b5 24. Rxf5 gxf5 25. Nd5 Kh8 26. Qg5 Re4 27. Rc1 Ra4 28. Qxe7 Rxa2 29. Nc3 Rxb2+ 30. Kxb2 Bxc3+ 31. Kb1 Qa3 0-1

[Event "Novosibirsk op"]
[Site "Novosibirsk"]
[Date "2001.07.22"]
[Round "4"]
[White "Yakimov, S Yu"]
[Black "Bibko, Ivan"]
[Result "0-1"]
[WhiteElo "2265"]
[BlackElo "2208"]
[PlyCount "50"]
[EventDate "2001.07.18"]
[EventType "swiss"]
[EventRounds "11"]
[EventCountry "RUS"]
[SourceTitle "CBM 083 Extra"]
[Source "ChessBase"]
[SourceDate "2001.09.11"]
[SourceVersion "1"]
[SourceVersionDate "2001.09.11"]
[SourceQuality "1"]

1. e4 c5 2. Nf3 Nc6 3. c3 Nf6 4. e5 Nd5 5. Na3 g6 6. d4 cxd4 7. cxd4 Bg7 8. Bc4 Nb6 9. Bb3 0-0 10. h4 d5 11. h5 Bg4 12. Rh4 gxh5 13. Be3 e6 14. Rh2 f6 15. exf6 Qxf6 16. Qd2 e5 17. dxe5 Nxe5 18. Nd4 Nbc4 19. Nxc4 dxc4 20. Bc2 Rad8 21. Qb4 Nd3+ 22. Bxd3 cxd3 23. Nf3 Bxf3 24. gxf3 d2+ 25. Bxd2 Qe5+ 0-1